00771nam a22001815i 4500001000700000003000900007005001700016008004100033040002700074100002300101245013800124260007700262300002200339650001600361650001500377852014300392852005400535161082ES-MaACL20230906212206.0970902s1870 sp |||| | spa d aCLM bspa cCCPB | SIC1 aOrtega y Frias, F.13aLa escuela del poeta b: Arte elemental teórico-práctico de poesía lírica, épica y dramática / cpor F. Ortega y Frías. aBadajoz : b[s.n.], c1870 (fImprenta de José Santamaría y Navarro) a179 p. ; c20 cm. 4aRetórica. 4aPoética. aES-MaACLjT-700-F-3 z-- Enc. hol. z-- Ex-libris ms. de Gustavo Saenz Díez q-- Falto de la cub. original z-- Enc. en un vol. facticio aES-MaACLjT-193-F-4 z.- Enc. en un vol. facticio